| 000 | 01223nam a2200313 a 4500 | ||
|---|---|---|---|
| 001 | ebr10228177 | ||
| 003 | CaPaEBR | ||
| 006 | m u | ||
| 007 | cr cn||||||||| | ||
| 008 | 081014s2005 maua sb 001 0 eng d | ||
| 010 | _z 2005008835 | ||
| 020 | _z9781584503781 | ||
| 020 | _z9781584506454 | ||
| 020 | _z1584503785 | ||
| 020 | _z1584506458 (eISBN) | ||
| 040 |
_aCaPaEBR _cCaPaEBR |
||
| 035 | _a(OCoLC)568308417 | ||
| 050 | 1 | 4 |
_aTK7895.M5 _bR44 2005eb |
| 100 | 1 |
_aReese, Robert B. _q(Robert Bryan), _d1958- |
|
| 245 | 1 | 0 |
_aMicroprocessors _h[electronic resource] : _bfrom assembly language to C using the PIC18Fxx2 / _cRobert B. Reese. |
| 260 |
_aHingham, Mass. : _bDa Vinci Engineering Press, _c2005. |
||
| 300 |
_axxi, 664 p. : _bill. |
||
| 504 | _aIncludes bibliographical references and index. | ||
| 533 |
_aElectronic reproduction. _bPalo Alto, Calif. : _cebrary, _d2013. _nAvailable via World Wide Web. _nAccess may be limited to ebrary affiliated libraries. |
||
| 650 | 0 | _aMicroprocessors. | |
| 655 | 7 |
_aElectronic books. _2local |
|
| 710 | 2 | _aebrary, Inc. | |
| 856 | 4 | 0 |
_uhttp://site.ebrary.com/lib/rucke/Doc?id=10228177 _zAn electronic book accessible through the World Wide Web; click to view |
| 999 |
_c152698 _d152698 |
||